Beyond the codices: the Nahua view of colonial Mexico

Saved in:
Bibliografiske detaljer
Main Authors: Anderson, Arthur J. O (Author), Berdan, Frances (Author)
Andre forfattere: Lockhart, James Marvin (autor)
Format: Bog
Sprog:engelsk
Udgivet: Berkeley University of California Press 1976
Fag:
Tags: Tilføj Tag
Ingen Tags, Vær først til at tagge denne postø!

MARC

LEADER 00000nam a2200000 a 4500
001 UCQ3198
003 CL-VaPUC
008 980817e19760000US |||||||||||||||||eng|d
082 0 4 |a 408.9  |b AND  |2 21 
100 0 |a Anderson, Arthur J. O  |e author  |9 417236 
700 0 |a Berdan, Frances  |e author  |9 417237 
700 |a Lockhart, James Marvin  |e autor  |9 447236 
245 1 0 |a Beyond the codices: the Nahua view of colonial Mexico 
300 |a 235 p 
942 |c BK 
945 |d 19980817 00:00:00  |a crobeson 
260 |a Berkeley  |b University of California Press  |c 1976 
650 7 |a LENGUAS AMERINDIAS  |2 CL-VaPUC  |9 417239 
650 0 |a Investigación lingüística  |9 329785 
650 0 |a Etnolingüística  |9 341076 
650 0 |a Manuscritos   |9 313680 
650 7 |a DOCUMENTOS PRIMARIOS  |2 CL-VaPUC  |9 350391 
583 |a last modification  |c 19980817 00:00:00  |k Rodrigo Vera 
999 |c 273797  |d 273795 
952 |0 0  |1 0  |4 0  |6 408_900000000000000_AND_1976  |7 0  |8 A  |9 309663  |a BIBEDU  |b BIBEDU  |d 2019-11-20  |i 1452452  |o 408.9 AND 1976  |p 1452452  |r 2019-11-20  |w 2019-11-20  |y BK  |k LIT